000 00706nam a2200289Ia 4500
005 20260324140346.0
008 008 260324s9999 xx 000 0 eng d
020 _a9781315071060
037 _aEBOOK
040 _aCRL
040 _beng
040 _cCRL
041 _2eng
041 _aeng
084 _qCRL
100 _aHeather Voisey; Timothy O'Riordan
_91204096
245 4 _aThe Transition to Sustainability
245 4 _bThe Politics of Agenda 21 in Europe
260 _bTaylor and Francis
260 _c1999
365 _a
365 _b220
856 _uhttp://www.taylorfrancis.com/books/9781315071060
942 _cEBOOK
999 _c1806092
_d1806092